000 nam a22 7a 4500
999 _c24380
_d24380
008 170128b xxu||||| |||| 00| 0 eng d
020 _a9780971764729
050 _aG 70.217 .B65 2008
100 _aBolstad,Paul
_d2008
245 _aGSI Fundamentals:
_bA First Text on GEographic Information System /
_cPaul Bolstad
250 _a3rd ed
260 _aMinnesota:
_bEider Press,
_c2008.
300 _axii,620 p.:
_bill.;
_c26cm.
500 _aincludes bibliographical references.
650 _2Geographic information system.
942 _2lcc
_cBOOKS
_hG 70.217 .B65 2008
_k32703